| 000 | nam a22 a 4500 | ||
|---|---|---|---|
| 999 |
_c1570 _d1570 |
||
| 003 | AKMAL | ||
| 005 | 20170511092820.0 | ||
| 008 | 170511s1969 my e 000 0 eng d | ||
| 040 | _aAKMAL | ||
| 082 | 0 | 4 | _a321 NAT |
| 090 | 0 | 0 |
_a321 _bNAT |
| 110 | 2 |
_aMajlis Gerakan Negara _93175 |
|
| 245 | 1 | 4 |
_aThe May 13 tragedy : _ba report The National Operations Council |
| 260 |
_aKuala Lumpur : _bThe National Operations Council, _c1969 |
||
| 300 |
_aix, 96p. ; _c19cm. |
||
| 500 | _aText also in Malay under title: Trajedi 13 Mei: laporan oleh Majlis Gerakan Negara Malaysia | ||
| 650 | 1 | 0 |
_aCommunalism _zMalaysia _93176 |
| 650 | 2 | 0 |
_aRiots _zKuala Lumpur _93177 |
| 651 | 0 |
_aMalaysia _xEthnic relations _xPolitical aspects _953 |
|
| 942 |
_2ddc _cBOOK |
||